Katalog (Record no. 7476)

MARC details
000 -CABECERA
campo de control de longitud fija 00592nam a2200217 a 4500
001 - NÚMERO DE CONTROL
campo de control BRCA_7802
005 - FECHA Y HORA DE LA ÚLTIMA TRANSACCIÓN
campo de control 20190320210013.0
008 - DATOS DE LONGITUD FIJA--INFORMACIÓN GENERAL
campo de control de longitud fija 161013s1957----sz-a######---#000-0#ger-#
041 ## - CÓDIGO DE LENGUA
Código de lengua del texto/banda sonora o título independiente ger
044 ## - CÓDIGO DEL PAÍS DE LA ENTIDAD EDITORA/PRODUCTORA
Código MARC del país sz
050 #4 - SIGNATURA TOPOGRÁFICA DE LA BIBLIOTECA DEL CONGRESO
Número de clasificación N3620
Número de documento/Ítem .K38 1957
245 10 - MENCIÓN DE TÍTULO
Título Katalog
Mención de responsabilidad, etc. Offentliche Kunstsammlung.
260 ## - PUBLICACIÓN, DISTRIBUCIÓN, ETC.
Lugar de publicación, distribución, etc. Basilea, Suiza
Nombre del editor, distribuidor, etc. K. Werner
Fecha de publicación, distribución, etc. 1957
300 ## - DESCRIPCIÓN FÍSICA
Extensión 1 v.
Otras características físicas il.
Dimensiones 15 cm.
500 ## - NOTA GENERAL
Nota general X76
505 0# - NOTA DE CONTENIDO CON FORMATO
Nota de contenido con formato v.1. Die kunst bis 1800 samtliche ausgestellten werke
610 24 - PUNTO DE ACCESO ADICIONAL DE MATERIA--NOMBRE DE ENTIDAD CORPORATIVA
Nombre de entidad corporativa o nombre de jurisdicción como elemento de entrada Offentliche Kunstsammlung (Basilea)
9 (RLIN) 19327
650 14 - PUNTO DE ACCESO ADICIONAL DE MATERIA--TÉRMINO DE MATERIA
Término de materia o nombre geográfico como elemento de entrada Arte
Subdivisión geográfica Basilea
9 (RLIN) 19328
902 ## - CATALOGADOR
Iniciales GFM
942 ## - ELEMENTOS DE PUNTO DE ACCESO ADICIONAL (KOHA)
Fuente del sistema de clasificación o colocación Library of Congress Classification
Tipo de ítem Koha Libros
Holdings
Estado de retiro Estado de pérdida Estado dañado No para préstamo Localización permanente Ubicación/localización actual Fecha de adquisición Número de inventario Total de préstamos Signatura topográfica completa Código de barras Fecha visto por última vez Precio válido a partir de Tipo de ítem Koha
El ejemplar forma parte de la colección y puede ser consultado según las políticas vigentes.       Biblioteca del Museo Franz Mayer (Rogerio Casas-Alatriste) Biblioteca del Museo Franz Mayer (Rogerio Casas-Alatriste) 16/10/2013 X76   N3620 .K38 1957 (X76) 8411 22/03/2019 22/03/2019 Libros